• 首页
  • 本馆介绍
  • 公告通知
  • 最新文献
  • 馆藏检索
  • 电子资源
  • 读者导购
  • 参考咨询
  • 我的图书馆
  • 登录
  • 详细信息显示
  • 放入我的书架
  • 预约/预借图书
  • 作者相关作品
  • 分类相关作品
  • 丛书相关作品
  • 出版社相关作品

书目信息

  • 表格格式
  • 工作单格式
  • 卡片格式
题名:
选房饰家指南
    
 
作者: 徐先玲 , 李相状 主编
分册:  
出版信息: 北京   中国戏剧出版社  2005
页数: 11,240页
开本: 21cm
丛书名: 智慧生活点点通
单 册:
中图分类: F299.233.5 , TU241 , TU241
科图分类:
主题词: 住宅--选购--基本知识--中国 , 住宅--室内装饰--基本知识 , 住宅--室内装修--基本知识 , 民用建筑--建筑设计
电子资源:
ISBN: 7-104-02228-7
000 01011oam2 2200313 450
001 1534876945
005 20150119094150.15
010    @a7-104-02228-7@dCNY25.00
100    @a20051103d2005 em y0chiy50 ea
101 0  @achi
102    @aCN@b110000
105    @ay z 000yy
200 1  @a选房饰家指南@9xuan fang shi jia zhi nan@f徐先玲,李相状主编
210    @a北京@c中国戏剧出版社@d2005
215    @a11,240页@d21cm
225 2  @a智慧生活点点通
330    @a本书分“购房”、“装修”、“居室设计与布置”、“饰家养护小常识”等五部分。内容有:购房基本知识、家庭装修常识、居室空气与温度等。
461  0 @12001 @a智慧生活点点通
606 0  @a住宅@x选购@x基本知识@y中国
606 0  @a住宅@x室内装饰@x基本知识
606 0  @a住宅@x室内装修@x基本知识
606 0  @a民用建筑@x建筑设计
690    @aF299.233.5@v5
690    @aTU241@v5
690    @aTU241@v4
701  0 @a徐先玲@9xu xian ling@4主编
701  0 @a李相状@9li xiang zhuang@4主编
801  0 @aCN@bTSSF@c20150119
905    @aZUCC@dTU241@eJY28
    
    选房饰家指南/徐先玲,李相状主编.-北京:中国戏剧出版社,2005
    11,240页;21cm.-(智慧生活点点通)
    
    
    ISBN 7-104-02228-7:CNY25.00
    本书分“购房”、“装修”、“居室设计与布置”、“饰家养护小常识”等五部分。内容有:购房基本知识、家庭装修常识、居室空气与温度等。
●
相关链接 在E读中查询图书 在五车中查询图书 在当当中查询图书 在豆瓣中查询图书


正题名:选房饰家指南     索取号:TU241/JY28         预约/预借

序号 登录号 条形码 馆藏地/架位号 状态 备注
1 7849175   278491758   学院路分馆/ [索取号:TU241/JY28] 在馆    
2 7849176   278491767   学院路分馆/ [索取号:TU241/JY28] 在馆    
唐山师范学院图书馆 欢迎您!
大连网信软件有限公司© 版权所有